[Event "ESP-ch U12"]
[Site "Salobrena"]
[Date "2023.07.15"]
[Round "9"]
[White "Herman Gamazo, Isaac"]
[Black "Herraiz Gomez, Iker"]
[Result "0-1"]
[WhiteElo "2010"]
[BlackElo "1787"]
[PlyCount "146"]
[EventDate "2023.07.10"]
[EventType "swiss"]
[EventRounds "9"]
[EventCountry "ESP"]
[SourceTitle "EXT 2024"]
[Source "ChessBase"]
[SourceDate "2023.10.10"]
[SourceVersion "1"]
[SourceVersionDate "2023.10.10"]
[SourceQuality "1"]

1. e4 e6 2. d4 d5 3. Nc3 Bb4 4. e5 c5 5. a3 Bxc3+ 6. bxc3 Qa5 7. Bd2 Qa4 8. Qg4 g6 9. h4 h6 10. Rh3 Nc6 11. h5 g5 12. Qd1 c4 13. f4 gxf4 14. Bxf4 Bd7 15. g4 0-0-0 16. g5 hxg5 17. Bxg5 Nge7 18. h6 Rh7 19. Nf3 Rg8 20. Bf6 Nf5 21. Qd2 Rg6 22. Bg5 Nce7 23. Nh4 Nxh4 24. Rxh4 Nf5 25. Rh3 Qb5 26. Qc1 Qa5 27. Rb1 Nxd4 28. Bd2 Nf5 29. Rb4 Qc7 30. Bf4 Ne7 31. Qe3 Nc6 32. Rb1 b6 33. Rg3 Ne7 34. Bh3 Rxg3 35. Qxg3 Ng6 36. Kd2 Qc5 37. Rh1 d4 38. Bg2 dxc3+ 39. Ke2 Qd4 40. Be3 Qxe5 41. Qxe5 Nxe5 42. Bd4 Ng6 43. Be3 Ba4 44. Kd1 f5 45. Kc1 Kc7 46. Bd4 Bc6 47. Bxc6 Kxc6 48. Bg7 b5 49. Rh2 Nf4 50. Bxc3 Nd5 51. Be5 a5 52. c3 b4 53. cxb4 axb4 54. axb4 Nxb4 55. Kd2 Nd3 56. Bg7 Kd5 57. Bc3 e5 58. Ke3 f4+ 59. Kf3 e4+ 60. Ke2 f3+ 61. Ke3 f2 62. Rh5+ Ke6 63. Rh1 Kf5 64. Ke2 Kg4 65. Bg7 Kg3 66. Ra1 Kg2 67. Rb1 Nf4+ 68. Ke3 c3 69. Kxf4 c2 70. Rc1 f1Q+ 71. Rxf1 Kxf1 72. Bb2 Rxh6 73. Ke3 Ke1 0-1

[Event "ESP-ch U12"]
[Site "Salobrena"]
[Date "2023.07.13"]
[Round "6"]
[White "Ibanez Koblash, Daniel"]
[Black "Herman Gamazo, Isaac"]
[Result "1/2-1/2"]
[WhiteElo "1709"]
[BlackElo "2010"]
[PlyCount "81"]
[EventDate "2023.07.10"]
[EventType "swiss"]
[EventRounds "9"]
[EventCountry "ESP"]
[SourceTitle "EXT 2024"]
[Source "ChessBase"]
[SourceDate "2023.10.10"]
[SourceVersion "1"]
[SourceVersionDate "2023.10.10"]
[SourceQuality "1"]

1. d4 Nf6 2. Bg5 c5 3. d5 d6 4. Nc3 h6 5. Bh4 g5 6. Bg3 Bg7 7. e4 Nbd7 8. Bd3 b5 9. a4 c4 10. Be2 b4 11. Nb5 Nxe4 12. Bxc4 Bxb2 13. Rb1 Nc3 14. Qf3 Nxb1 15. Bxd6 0-0 16. Bc7 Qe8 17. h4 Kg7 18. Ne2 f5 19. hxg5 hxg5 20. Ned4 Nf6 21. Qg3 f4 22. Bxf4 Qg6 23. Bxg5 Ng4 24. Qh4 Bd7 25. Be3 Rac8 26. Bd3 Bxb5 27. Nxb5 Rf5 28. Bxf5 Qxf5 29. Qxe7+ Kg8 30. Nd6 Bc3+ 31. Ke2 Qxc2+ 32. Kf3 Ne5+ 33. Kg3 Qg6+ 34. Bg5 Rf8 35. Rh6 Qd3+ 36. Be3 Nd2 37. Rh8+ Kxh8 38. Qxf8+ Kh7 39. Qh6+ Kg8 40. Qe6+ Kh7 41. Qh6+ 1/2-1/2

[Event "ESP-ch U12"]
[Site "Salobrena"]
[Date "2023.07.12"]
[Round "4"]
[White "Odriozola Coscolin, Dani"]
[Black "Herman Gamazo, Isaac"]
[Result "0-1"]
[WhiteElo "1699"]
[BlackElo "2010"]
[PlyCount "60"]
[EventDate "2023.07.10"]
[EventType "swiss"]
[EventRounds "9"]
[EventCountry "ESP"]
[SourceTitle "EXT 2024"]
[Source "ChessBase"]
[SourceDate "2023.10.10"]
[SourceVersion "1"]
[SourceVersionDate "2023.10.10"]
[SourceQuality "1"]

1. e4 e5 2. Nf3 Nc6 3. Bc4 Bc5 4. c3 Nf6 5. d3 a6 6. 0-0 d6 7. a4 Ba7 8. Nbd2 h6 9. b4 Ne7 10. Re1 g5 11. Nf1 Ng6 12. h3 g4 13. hxg4 Bxg4 14. N1h2 Nh4 15. Be3 Rg8 16. Nxg4 Nxg4 17. Nxh4 Bxe3 18. fxe3 Qxh4 19. Qf3 Nf6 20. Qf2 Rg3 21. Bb3 Ng4 22. Qxf7+ Kd8 23. Qg8+ Kd7 24. Qf7+ Kc6 25. b5+ axb5 26. Qd5+ Kb6 27. Ra2 Qh2+ 28. Kf1 Qh1+ 29. Ke2 Rxe3+ 30. Kd1 Qxe1+ 0-1

[Event "ESP-ch U12 Rapid"]
[Site "Salobrena"]
[Date "2022.07.16"]
[Round "3"]
[White "Herman Gamazo, Isaac"]
[Black "Piris Ferrandis, Asier"]
[Result "1-0"]
[WhiteElo "1729"]
[BlackElo "1251"]
[PlyCount "43"]
[EventDate "2022.07.09"]
[EventType "swiss (rapid)"]
[EventRounds "9"]
[EventCountry "ESP"]
[SourceTitle "EXT 2023"]
[Source "ChessBase"]
[SourceDate "2022.10.05"]
[SourceVersion "1"]
[SourceVersionDate "2022.10.05"]
[SourceQuality "1"]

1. e4 c5 2. Nf3 Nc6 3. d4 cxd4 4. Nxd4 g6 5. Nc3 Bg7 6. Be3 d6 7. Qd2 Nf6 8. f3 Bd7 9. 0-0-0 a6 10. g4 b5 11. g5 Nh5 12. Nd5 0-0 13. Nxc6 Bxc6 14. f4 Bxd5 15. Qxd5 Qa5 16. Be2 e6 17. Qb3 Qc7 18. Bxh5 gxh5 19. f5 exf5 20. exf5 Be5 21. g6 hxg6 22. fxg6 1-0

[Event "ESP-ch U12"]
[Site "Salobrena"]
[Date "2022.07.12"]
[Round "3"]
[White "Escoriza Pons, Xavier"]
[Black "Herman Gamazo, Isaac"]
[Result "0-1"]
[WhiteElo "1524"]
[BlackElo "1826"]
[PlyCount "90"]
[EventDate "2022.07.04"]
[EventType "swiss"]
[EventRounds "9"]
[EventCountry "ESP"]
[SourceTitle "EXT 2023"]
[Source "ChessBase"]
[SourceDate "2022.10.05"]
[SourceVersion "1"]
[SourceVersionDate "2022.10.05"]
[SourceQuality "1"]

1. c4 g6 2. Nc3 Bg7 3. d4 Nf6 4. e4 d6 5. Nf3 0-0 6. Be2 e5 7. d5 a5 8. 0-0 Na6 9. h3 Nd7 10. Be3 f5 11. exf5 gxf5 12. Ng5 Ndc5 13. f4 e4 14. Bh5 Qe7 15. Rc1 Nd3 16. Rb1 h6 17. Ne6 Bxe6 18. dxe6 Qxe6 19. Nd5 c6 20. Nb6 Rad8 21. b3 d5 22. cxd5 cxd5 23. Na4 b5 24. Bb6 Rb8 25. Bxa5 bxa4 26. bxa4 Rxb1 27. Qxb1 Rb8 28. Qd1 Bd4+ 29. Kh2 Qd6 30. Bd2 Bg7 31. Be2 Nac5 32. Bxd3 Nxd3 33. Qh5 Rb2 34. Bc1 Nxc1 35. Qxf5 Nd3 36. Qc8+ Kh7 37. h4 Qg6 38. Qh3 Rxa2 39. h5 Qf6 40. Qg4 e3 41. Qf3 Qh4+ 42. Kg1 Bd4 43. Qxd5 e2+ 44. Qxd4 exf1Q+ 45. Kxf1 Qe1# 0-1

[Event "Llinars del Valles op"]
[Site "Llinars del Valles"]
[Date "2022.06.27"]
[Round "3"]
[White "Herman Gamazo, Isaac"]
[Black "Sanchez Aguilar, Arnau"]
[Result "1-0"]
[WhiteElo "1823"]
[BlackElo "2034"]
[PlyCount "117"]
[EventDate "2022.06.25"]
[EventType "swiss"]
[EventRounds "9"]
[EventCountry "ESP"]
[SourceTitle "CBM 209 Extra"]
[Source "ChessBase"]
[SourceDate "2022.09.30"]
[SourceVersion "1"]
[SourceVersionDate "2022.09.30"]
[SourceQuality "1"]

1. e4 c5 2. Nf3 d6 3. d4 cxd4 4. Nxd4 Nf6 5. Nc3 a6 6. f3 e5 7. Nb3 h5 8. Be3 Be6 9. Nd5 Nxd5 10. exd5 Bf5 11. Bd3 e4 12. fxe4 Bxe4 13. 0-0 Bxd5 14. c4 Bc6 15. Re1 Kd7 16. Bf5+ Kc7 17. Nd4 Nd7 18. b4 g6 19. Bxg6 Bxg2 20. Bxf7 Bh3 21. Be6 Qh4 22. Qd2 Ne5 23. Bf2 Bh6 24. Bxh4 Bxd2 25. Bxh3 Bxe1 26. Rxe1 Nxc4 27. Ne6+ Kb8 28. Bf1 Ne5 29. Bg2 Re8 30. Rf1 Ng6 31. Ng7 Rg8 32. Bf6 Kc7 33. Rc1+ Kb6 34. a4 Ne5 35. Rd1 Kc7 36. Ne6+ Kd7 37. Nc5+ Kc7 38. Bxe5 dxe5 39. Rd7+ Kc8 40. Kf2 b6 41. Bb7+ Kb8 42. Nxa6+ Rxa6 43. Bxa6 Rg4 44. Rb7+ Ka8 45. Rxb6 Ka7 46. a5 h4 47. Bf1 Rf4+ 48. Ke2 h3 49. b5 Ra4 50. Ra6+ Kb7 51. Bxh3 Ra2+ 52. Kf1 Rxh2 53. Bg2+ e4 54. Bxe4+ Kb8 55. Ra8+ Kc7 56. b6+ Kd7 57. b7 Rb2 58. b8Q Rb6 59. Ra7+ 1-0

[Event "ESP-ch U10"]
[Site "Salobrena"]
[Date "2021.07.01"]
[Round "6"]
[White "Lopez Martinez, Jaime"]
[Black "Herman Gamazo, Isaac"]
[Result "1-0"]
[WhiteElo "1285"]
[BlackElo "1552"]
[PlyCount "75"]
[EventDate "2021.06.28"]
[EventType "swiss"]
[EventRounds "9"]
[EventCountry "ESP"]
[SourceTitle "EXT 2022"]
[Source "ChessBase"]
[SourceDate "2021.10.06"]
[SourceVersion "1"]
[SourceVersionDate "2021.10.06"]
[SourceQuality "1"]

1. e4 c5 2. Nf3 d6 3. d4 cxd4 4. Nxd4 Nf6 5. Nc3 a6 6. Bg5 e6 7. Bc4 Qb6 8. Bb3 Be7 9. Qd2 0-0 10. 0-0 Rd8 11. Rad1 Nc6 12. Kh1 h6 13. Be3 Qc7 14. f4 Na5 15. f5 Nxb3 16. cxb3 d5 17. e5 Ng4 18. Bf4 Nxe5 19. f6 gxf6 20. h3 Kf8 21. Bxh6+ Ke8 22. Bg7 Nd7 23. Rde1 Qd6 24. Qh6 Bf8 25. Rxe6+ fxe6 26. Qg6+ Ke7 27. Re1 Ne5 28. Bxf6+ Kd7 29. Rxe5 Be7 30. Rxe6 Qxe6 31. Nxe6 Kxe6 32. Bg5+ Kd7 33. Qf7 Kc6 34. Qxe7 Rd6 35. Na4 b5 36. Bf4 bxa4 37. Qxd6+ Kb7 38. Qc7# 1-0

[Event "ESP-ch U10"]
[Site "Salobrena"]
[Date "2021.06.29"]
[Round "3"]
[White "Herman Gamazo, Isaac"]
[Black "Pallares Jover, Adrian"]
[Result "1-0"]
[WhiteElo "1552"]
[BlackElo "1263"]
[PlyCount "109"]
[EventDate "2021.06.28"]
[EventType "swiss"]
[EventRounds "9"]
[EventCountry "ESP"]
[SourceTitle "EXT 2022"]
[Source "ChessBase"]
[SourceDate "2021.10.06"]
[SourceVersion "1"]
[SourceVersionDate "2021.10.06"]
[SourceQuality "1"]

1. e4 e6 2. d4 d5 3. Nc3 Nf6 4. e5 Nfd7 5. f4 c5 6. Nf3 Nc6 7. Be3 c4 8. Be2 Be7 9. 0-0 0-0 10. b3 Bb4 11. Nb1 b5 12. a4 cxb3 13. c3 Ba5 14. axb5 Ne7 15. Qxb3 Nf5 16. Bf2 f6 17. c4 Bb7 18. Qa3 Bc7 19. c5 Bc8 20. b6 Bb8 21. Ba6 axb6 22. Qd3 fxe5 23. Ng5 e4 24. Qh3 Nf6 25. Bxc8 Qxc8 26. Rxa8 h6 27. Rxb8 Qxb8 28. Nxe6 Ne7 29. Nxf8 Kxf8 30. Bh4 Kf7 31. Bxf6 Kxf6 32. Qh5 Qd8 33. cxb6 Qxb6 34. Qe5+ Kf7 35. Nc3 Qc6 36. Ne2 Qc8 37. f5 Qc6 38. Ng3 Ng8 39. Nh5 Nf6 40. Nxf6 gxf6 41. Qe6+ Qxe6 42. fxe6+ Kxe6 43. Kf2 f5 44. Ke3 Kf6 45. Kf4 Ke6 46. Ra1 h5 47. Ra6+ Kf7 48. Kxf5 e3 49. Ke5 e2 50. Ra1 Kg6 51. Re1 Kg5 52. Rxe2 Kg4 53. Re3 Kh4 54. h3 Kg5 55. Rf3 1-0

[Event "Wch FIDE Online U10 Europe qual"]
[Site "Tornelo INT"]
[Date "2020.12.09"]
[Round "6"]
[White "Herman Gamazo, Isaac"]
[Black "Koosel, Hans Georg"]
[Result "1-0"]
[WhiteElo "1431"]
[BlackElo "1364"]
[PlyCount "101"]
[EventDate "2020.12.07"]
[EventType "swiss (rapid)"]
[EventRounds "7"]
[EventCountry "ISS"]
[SourceTitle "EXT 2022"]
[Source "ChessBase"]
[SourceDate "2021.10.06"]
[SourceVersion "1"]
[SourceVersionDate "2021.10.06"]
[SourceQuality "1"]

1. e4 c5 2. Nf3 d6 3. d4 cxd4 4. Nxd4 Nf6 5. Nc3 g6 6. f3 Bg7 7. Be3 0-0 8. Bc4 a6 9. Qd2 Nbd7 10. 0-0-0 Ne5 11. Bb3 Qc7 12. h3 b5 13. f4 Ned7 14. f5 Nc5 15. fxg6 hxg6 16. Bh6 Ncxe4 17. Nxe4 Nxe4 18. Qe3 Bb7 19. Bxg7 Kxg7 20. h4 Rh8 21. Rdf1 d5 22. Qf3 Raf8 23. Rh3 Qe5 24. Qe3 Rh5 25. g4 Rh7 26. h5 Qg5 27. Qxg5 Nxg5 28. Rh4 e5 29. Ne2 a5 30. Nc3 d4 31. Nxb5 Ba6 32. a4 e4 33. Rd1 Bxb5 34. axb5 Nf3 35. Rh3 f5 36. gxf5 Rxf5 37. Ba4 Rhxh5 38. Rxh5 gxh5 39. b6 Rf7 40. Bc6 e3 41. b7 Rf8 42. Bxf3 h4 43. Rg1+ Kh8 44. Rh1 Rxf3 45. b8Q+ Kg7 46. Qc7+ Rf7 47. Qe5+ Kg8 48. Qe8+ Rf8 49. Rg1+ Kh7 50. Qxf8 e2 51. Qg7# 1-0

[Event "Wch FIDE Online U10 Europe qual"]
[Site "Tornelo INT"]
[Date "2020.12.08"]
[Round "3"]
[White "Erdogmus, Yagiz Kaan"]
[Black "Herman Gamazo, Isaac"]
[Result "1-0"]
[WhiteElo "1442"]
[BlackElo "1431"]
[PlyCount "83"]
[EventDate "2020.12.07"]
[EventType "swiss (rapid)"]
[EventRounds "7"]
[EventCountry "ISS"]
[SourceTitle "EXT 2022"]
[Source "ChessBase"]
[SourceDate "2021.10.06"]
[SourceVersion "1"]
[SourceVersionDate "2021.10.06"]
[SourceQuality "1"]

1. e4 e5 2. Nf3 Nc6 3. Bb5 a6 4. Ba4 Nf6 5. 0-0 Be7 6. Re1 b5 7. Bb3 0-0 8. c3 d5 9. d3 Bg4 10. Nbd2 a5 11. a4 b4 12. h3 Bh5 13. Nf1 bxc3 14. bxc3 dxe4 15. dxe4 Qxd1 16. Bxd1 Bg6 17. Ng3 Rfd8 18. Bc2 Bc5 19. Rb1 Rab8 20. Rb5 Rxb5 21. axb5 Na7 22. c4 Bd4 23. Be3 c5 24. bxc6 Nxc6 25. Ba4 Rd6 26. c5 Re6 27. Ng5 Re7 28. Bxc6 Rc7 29. Rb1 Rc8 30. Rb6 h6 31. Nf3 Rd8 32. Nxd4 exd4 33. Bd2 d3 34. f3 Bh7 35. Kf2 Bg6 36. Ke3 Nh7 37. Bxa5 Ng5 38. Bd5 Bh7 39. f4 Ne6 40. Rxe6 fxe6 41. Bxe6+ Kh8 42. Bxd8 1-0

[Event "ESP-ch U10"]
[Site "Salobrena"]
[Date "2020.07.22"]
[Round "4"]
[White "Marin Ferragut, Pau"]
[Black "Herman Gamazo, Isaac"]
[Result "1-0"]
[WhiteElo "1589"]
[BlackElo "1490"]
[PlyCount "81"]
[EventDate "2020.07.20"]
[EventType "swiss"]
[EventRounds "9"]
[EventCountry "ESP"]
[SourceTitle "EXT 2021"]
[Source "ChessBase"]
[SourceDate "2020.10.23"]
[SourceVersion "1"]
[SourceVersionDate "2020.10.23"]
[SourceQuality "1"]

1. e4 c5 2. Nf3 Nc6 3. d4 cxd4 4. Nxd4 Nf6 5. Nc3 e6 6. Bc4 Be7 7. 0-0 0-0 8. f4 Bc5 9. Be3 Qb6 10. Na4 Qb4 11. Nxc5 Qxc4 12. Nxc6 bxc6 13. b3 Qb4 14. a3 Qb6 15. Qf3 Qc7 16. g4 d6 17. g5 Nd7 18. Nxd7 Qxd7 19. f5 Ba6 20. Rf2 f6 21. h4 Qf7 22. Qg3 Qe7 23. Rd1 e5 24. gxf6 Rxf6 25. Bg5 h6 26. Bxf6 Qxf6 27. Rg2 d5 28. exd5 cxd5 29. Rxd5 Bb7 30. Rd6 Qf8 31. Rgd2 Qxf5 32. Qg6 Qf8 33. Rd7 Qc5+ 34. Kh2 Qf8 35. Kg1 Qc5+ 36. Rf2 Qxf2+ 37. Kxf2 Rf8+ 38. Ke1 Rf1+ 39. Kxf1 Ba6+ 40. Ke1 Kf8 41. Qf7# 1-0

[Event "Roncana op-B 13th"]
[Site "Santa Eulalia de Roncana"]
[Date "2019.11.16"]
[Round "7"]
[White "Herman Gamazo, Isaac"]
[Black "Gomez Sanchez, Javier"]
[Result "1-0"]
[WhiteElo "1429"]
[BlackElo "1405"]
[PlyCount "51"]
[EventDate "2019.09.28"]
[EventType "swiss"]
[EventRounds "8"]
[EventCountry "ESP"]
[SourceTitle "CBM 193 Extra"]
[Source "ChessBase"]
[SourceDate "2020.01.31"]
[SourceVersion "1"]
[SourceVersionDate "2020.01.31"]
[SourceQuality "1"]

1. e4 c6 2. d4 d5 3. e5 Bf5 4. h4 h6 5. g4 Bd7 6. f4 e6 7. Bd3 Be7 8. Nf3 c5 9. c3 Nc6 10. g5 cxd4 11. cxd4 Qb6 12. g6 f6 13. Bc2 Bb4+ 14. Nc3 fxe5 15. fxe5 Nge7 16. a3 Bxc3+ 17. bxc3 0-0 18. Ng5 Nf5 19. Nf7 Rxf7 20. gxf7+ Kxf7 21. Rf1 Ke7 22. a4 Rf8 23. Ba3+ Ke8 24. Bxf8 Ne3 25. Bc5 Nxd1 26. Rf8# 1-0

[Event "Roncana op-B 13th"]
[Site "Santa Eulalia de Roncana"]
[Date "2019.11.09"]
[Round "6"]
[White "Lopez Torralba, Oscar"]
[Black "Herman Gamazo, Isaac"]
[Result "0-1"]
[WhiteElo "1518"]
[BlackElo "1429"]
[PlyCount "94"]
[EventDate "2019.09.28"]
[EventType "swiss"]
[EventRounds "8"]
[EventCountry "ESP"]
[SourceTitle "CBM 193 Extra"]
[Source "ChessBase"]
[SourceDate "2020.01.31"]
[SourceVersion "1"]
[SourceVersionDate "2020.01.31"]
[SourceQuality "1"]

1. e4 e5 2. Nf3 Nc6 3. Bb5 a6 4. Ba4 Nf6 5. 0-0 Be7 6. Re1 b5 7. Bb3 d6 8. c3 Bg4 9. d3 Na5 10. Bc2 c5 11. Nbd2 Rc8 12. h3 Bh5 13. Nf1 h6 14. Ng3 Bg6 15. Nh4 Bh7 16. Nhf5 Bxf5 17. Nxf5 Bf8 18. f4 g6 19. Ng3 Bg7 20. Qf3 0-0 21. f5 Qb6 22. Be3 Nc6 23. Rad1 a5 24. fxg6 fxg6 25. Bb3+ Kh7 26. Qe2 a4 27. Bc2 d5 28. exd5 Nxd5 29. Rf1 Nce7 30. Bc1 c4+ 31. Kh1 a3 32. Ne4 axb2 33. Bxb2 Ne3 34. Rxf8 Rxf8 35. Re1 N7f5 36. Ba3 Rc8 37. Bb1 Nd5 38. Kh2 Nf4 39. Qd2 Rd8 40. Bc5 Qc7 41. d4 exd4 42. g3 Ne6 43. Bxd4 Nexd4 44. cxd4 Rxd4 45. Qf2 Be5 46. Rg1 h5 47. Ng5+ Kh6 0-1